Etica y concepción materialista de la historia / (Record no. 23063)

MARC details
000 -CABECERA
campo de control de longitud fija 00583nam a2200193 a 4500
005 - FECHA Y HORA DE LA ÚLTIMA TRANSACCIÓN
campo de control 20210223121736.0
008 - ELEMENTOS DE LONGITUD FIJA--INFORMACIÓN GENERAL
campo de control de longitud fija 991125s1975 ag 000 0 spa u
035 ## - NÚMERO DE CONTROL DEL SISTEMA
Número de control de sistema UPN01000023063
049 ## - COLECCIÓN
Colección CG
050 #4 - SIGNATURA TOPOGRÁFICA DE LA BIBLIOTECA DEL CONGRESO
Número de clasificación BJ73
Número de documento/Ítem K3.38
100 1# - ASIENTO PRINCIPAL--NOMBRE PERSONAL
Nombre de persona Kautsky, Karl,
Fechas asociadas al nombre 1854-1938
9 (RLIN) 28820
245 10 - MENCIÓN DE TÍTULO
Título Etica y concepción materialista de la historia /
Mención de responsabilidad, etc. Karl Kautsky.
260 ## - PUBLICACIÓN, DISTRIBUCIÓN, ETC.
Lugar de publicación, distribución, etc. Córdoba, Arg. :
Nombre del editor, distribuidor, etc. Pasado y Presente,
Fecha de publicación, distribución, etc. 1975.
300 ## - DESCRIPCIÓN FÍSICA
Extensión 196 p.
440 #0 - MENCIÓN DE SERIE/ASIENTO SECUNDARIO--TÍTULO
Título Cuadernos de pasado y presente ;
Designación de volumen o secuencia 58
650 #4 - ASIENTO SECUNDARIO DE MATERIA - TERMINO TEMATICO
Término de materia o nombre geográfico como elemento de entrada ETICA -
Subdivisión general HISTORIA
9 (RLIN) 15576
650 #4 - ASIENTO SECUNDARIO DE MATERIA - TERMINO TEMATICO
Término de materia o nombre geográfico como elemento de entrada ETICA COMUNISTA
9 (RLIN) 23374
905 ## - TIPO DE MATERIAL
Tipo de material Libro

No items available.